It looks like you're offline.
Open Library logo
additional options menu

MARC Record from Scriblio

Record ID marc_records_scriblio_net/part25.dat:14811775:755
Source Scriblio
Download Link /show-records/marc_records_scriblio_net/part25.dat:14811775:755?format=raw

LEADER: 00755pam 2200217 a 4500
001 95032837
003 DLC
005 19960319110335.2
008 950620s1995 nyuab b 001 0 eng
010 $a 95032837
020 $a0801430852 (cloth : alk. paper)
040 $aDLC$cDLC$dDLC
043 $af-ke---
050 00 $aHD2126.5.Z8$bA37 1995
082 00 $a338.1/86762$220
245 00 $aAgricultural policy in Kenya :$bapplications of the policy analysis matrix /$cScott Pearson ... [et al.].
260 $aIthaca :$bCornell University Press,$c1995.
300 $axvii, 300 p. :$bill., maps ;$c24 cm.
440 0 $aFood systems and agrarian change
504 $aIncludes bibliographical references (p. 281-287) and index.
650 0 $aAgriculture and state$zKenya.